|
|
|
|
| LEADER |
00000cam a2200000 a 4500 |
| 001 |
vtls001378849 |
| 003 |
SK-MaSNL |
| 005 |
20260301161320.0 |
| 008 |
240226s1999 xo h 000 0bslo |
| 015 |
|
|
|a SNBA2000/04-01114
|
| 020 |
|
|
|a 8088704235
|
| 035 |
|
|
|a SNK000332816
|
| 035 |
|
|
|a urn:nbn:sk:snk-am3hpzi
|
| 035 |
|
|
|a CC0D014C-C95A-4E56-84C7-DD604C3E7680
|
| 035 |
|
|
|a urn:nbn:sk:snk-am00ctnk
|
| 040 |
|
|
|a SNK
|b slo
|c SNK
|e AACR2
|
| 041 |
1 |
|
|a slo
|h pol
|
| 044 |
|
|
|a xo
|c SK
|
| 080 |
|
|
|a 271-055.2:929
|2 1981
|
| 080 |
|
|
|a 929 Paula, Montal, bl.
|2 1981
|
| 240 |
1 |
0 |
|a Matka Paula Montal - zalozicielka Zgromadzenia Sióstr Pijarek
|l Slovensky
|
| 245 |
0 |
0 |
|a Bl. Paula Montal (1799-1889) - zakladateľka Kongregácie sestier piaristiek
|c [z poľského originálu preložil a redakčne upravil: Marián Čižmár]
|
| 260 |
|
|
|a Levoča
|b Polypress
|c 1999
|
| 300 |
|
|
|a 31 s.
|c 15 cm
|
| 500 |
|
|
|a Údaj o prekl. prevzatý z rubu tit. strany
|
| 600 |
1 |
7 |
|a Montal, Paula
|c bl.
|d 1799-1889
|9 524159
|
| 650 |
0 |
7 |
|a piaristi
|2 SNKPH
|9 107197
|
| 650 |
0 |
7 |
|a rehoľné rády
|2 SNKPH
|9 67509
|
| 650 |
0 |
7 |
|a biografie svätých
|2 SNKPH
|9 75795
|
| 655 |
|
7 |
|a biografie
|2 SNKPH
|9 27965
|
| 700 |
1 |
|
|a Čižmár, Marián,
|d 1953-
|4 trl
|9 92901
|
| 919 |
|
|
|a 80-88704-23-5
|
| 958 |
|
|
|a TL
|
| 958 |
|
|
|a OP
|
| 958 |
|
|
|a BQ
|
| 958 |
|
|
|a NT
|
| 958 |
|
|
|a BC
|
| 999 |
|
|
|c 809001
|d 810931
|
| 952 |
|
|
|t P60, <03>, [BOOK], {603}
|a SNK
|b SNK
|y PREZ
|7 0
|p 17A0219894
|o snkSE 9743
|i snkKSP 12171/99
|0 0
|1 0
|4 0
|d 1999-12-07
|f 1
|l 0
|r 2005-01-02 00:00:00
|w 2026-02-24
|
| 952 |
|
|
|t P60, <04>, [BOOK], {604}
|a SNK
|b SNK
|y VYP
|7 0
|p 17A0219895
|o snkSE 9743 D1
|i snkKSP 12172/99
|0 0
|1 0
|4 0
|d 1999-12-07
|l 0
|r 2005-01-02 00:00:00
|w 2026-02-24
|